Fundamentals of financial management / (Record no. 1305)

MARC details
000 -LEADER
fixed length control field 00708cam a22002292 4500
001 - CONTROL NUMBER
control field 0000023371
005 - DATE AND TIME OF LATEST TRANSACTION
control field 20151021151144.0
008 - FIXED-LENGTH DATA ELEMENTS--GENERAL INFORMATION
fixed length control field 121119s xx 000 0 eng d
020 ## - INTERNATIONAL STANDARD BOOK NUMBER
International Standard Book Number 8131500026 :
040 ## - CATALOGING SOURCE
Original cataloging agency KABU
Transcribing agency KABU
050 #0 - LIBRARY OF CONGRESS CALL NUMBER
Classification number HG4026
Item number .B75 2004
100 1# - MAIN ENTRY--PERSONAL NAME
Personal name Brigham, Eugene F.
-- 0000152563
245 10 - TITLE STATEMENT
Title Fundamentals of financial management /
Statement of responsibility, etc. Eugene F. Brigham, Joel F. Houston.
250 ## - EDITION STATEMENT
Edition statement 10th ed.
260 ## - PUBLICATION, DISTRIBUTION, ETC. (IMPRINT)
Place of publication, distribution, etc. New Delhi :
Name of publisher, distributor, etc. Cengage,
Date of publication, distribution, etc. 2004.
300 ## - PHYSICAL DESCRIPTION
Extent xxxi, 831 p.
650 #0 - SUBJECT ADDED ENTRY--TOPICAL TERM
Topical term or geographic name as entry element Corporations
General subdivision Finance.
-- 0000007704
700 1# - ADDED ENTRY--PERSONAL NAME
Personal name Houston, Joel F.
-- 0000152568
852 1# - LOCATION
-- p2145 KES
908 ## - PUT COMMAND PARAMETER (RLIN)
Put command parameter 121119
950 ## - LOCAL HOLDINGS (RLIN)
-- 1
Holdings
Withdrawn status Lost status Source of classification or shelving scheme Not for loan Home library Current library Date acquired Total Checkouts Full call number Barcode Date last seen Date last checked out Price effective from Koha item type Copy number
    Library of Congress Classification   Kabarak, Main Campus Kabarak, Main Campus 21/10/2015 2 HG4026 .B75 2004b c. 1 013962 21/11/2019 08/11/2019 21/10/2015 General Collection c.1
    Library of Congress Classification   Kabarak, Nakuru City Campus Kabarak, Nakuru City Campus 21/10/2015 1 HG4026 .B75 2004b c. 1 014016 09/03/2016 08/02/2016 21/10/2015 General Collection  
Designed with assistance from East African Informatics Ltd